Любовь в Серебряном веке (Запись № 13218951)

Подробности
000 -МАРКЕР
контрольное поле 03374nam0a2200361 4500
001 - ИДЕНТИФИКАТОР ЗАПИСИ
контрольное поле RU\NLR\BIBL_A\012814721
005 - ИДЕНТИФИКАТОР ВЕРСИИ
контрольное поле 20220928185041.0
010 ## - МЕЖДУНАРОДНЫЙ СТАНДАРТНЫЙ НОМЕР КНИГИ (ISBN)
Номер (ISBN) 978-5-227-09726-2
Тираж 2000
021 ## - НОМЕР ГОСУДАРСТВЕННОЙ РЕГИСТРАЦИИ
Код страны Российская Федерация
Номер КН-П-22-017824
Номер Листа государственной регистраци КН-П-22-1536
035 ## - ДРУГИЕ СИСТЕМНЫЕ НОМЕРА
Идентификатор записи (NLR Aleph) 012814721
035 ## - ДРУГИЕ СИСТЕМНЫЕ НОМЕРА
Идентификатор записи (RuMoRGB)011016832
100 ## - ДАННЫЕ ОБЩЕЙ ОБРАБОТКИ
Данные общей обработки 20220609d2021 u y0rusy50 ca
101 0# - ЯЗЫК РЕСУРСА
Язык текста, звукозаписи и т.д. русский
102 ## - СТРАНА ПУБЛИКАЦИИ ИЛИ ПРОИЗВОДСТВА
Страна публикации Российская Федерация
105 ## - ПОЛЕ КОДИРОВАННЫХ ДАННЫХ: ТЕКСТОВЫЕ МАТЕРИАЛЫ, МОНОГРАФИЧЕСКИЕ
Кодированные данные о монографическом текстовом документе ac z 000zd
181 #0 - ПОЛЕ КОДИРОВАННЫХ ДАННЫХ: ВИД СОДЕРЖАНИЯ
Код вида содержания (ISBD) i3
Код характеристики содержания (ISBD) axxe
182 #0 - ПОЛЕ КОДИРОВАННЫХ ДАННЫХ: ТИП СРЕДСТВА
Код типа средства (ISBD) n - непосредственное
200 1# - ЗАГЛАВИЕ И СВЕДЕНИЯ ОБ ОТВЕТСТВЕННОСТИ
Основное заглавие Любовь в Серебряном веке
Сведения, относящиеся к заглавию радости и переживания, испытания и трагедии...
-- истории о музах и женах русских поэтов и писателей
Первые сведения об ответственности Елена Первушина
203 ## - ВИД СОДЕРЖАНИЯ И ТИП СРЕДСТВА
Вид содержания Текст
Дополнительные сведения об издании визуальный
Тип средства непосредственный
210 ## - ПУБЛИКАЦИЯ, РАСПРОСТРАНЕНИЕ И ДР.
Место издания, распространения и т.д. Москва
Имя издателя, распространителя и т. д. Центрполиграф
Дата издания, распространения и т.д. 2021
215 ## - ФИЗИЧЕСКАЯ ХАРАКТЕРИСТИКА
Специфическое обозначение материала и объем 444, [1] с.
Другие сведения о физической характеристике ил., портр.
Размеры 21
320 ## - ПРИМЕЧАНИЯ О НАЛИЧИИ В ДОКУМЕНТЕ БИБЛИОГРАФИИ / УКАЗАТЕЛЯ
Текст примечания Библиогр.: с. 438-441
330 ## - РЕЗЮМЕ ИЛИ РЕФЕРАТ
Текст примечания К моменту зарождения культуры Серебряного века стране только предстояло пережить Кровавое воскресенье и ужасы Первой мировой. Но предчувствие беды уже зрело. Было ясно, что прежняя жизнь продолжаться не может. И поэзия, музыка, живопись, как натянутые струны, резонировали с этой дрожью... Географические рамки Серебряного века узки - в основном это Москва и Петербург. Большинство поэтов и поэтесс были знакомы и стремились увидеться. И, разумеется, они писали друг другу стихи, и эти стихи лучше всего представляют эпоху. Поэтому они оказались так важны на переломе времен. Предыдущая эпоха - время "больших" романов Тургенева, Толстого. Теперь романисты уже не успевали за временем. Веку была необходима скорая помощь - стихи! Любовь и смерть - вечные темы для поэзии. Писать и читать о смерти тяжело, но, не помня об этой теме, нависшей над каждым домом, мы не поймем экзальтации людей Серебряного века и их стремления к иной жизни, в царство идей, где людей не преследуют искушения плоти. В Серебряном веке Музы часто сами творцы
333 ## - ПРИМЕЧАНИЯ ОБ ОСОБЕННОСТЯХ РАСПРОСТРАНЕНИЯ И ИСПОЛЬЗОВАНИЯ
Текст примечания 16+
606 1# - НАИМЕНОВАНИЕ ТЕМЫ КАК ПРЕДМЕТ
Наименование темы Писатели русские
Формальный подзаголовок Биографии
Хронологический подзаголовок 20 в.
Системный номер авторитетной/нормативной записи 2425450
Идентификатор авторитетной/нормативной записи RU\NLR\AUTH\6601662536
675 ## - УНИВЕРСАЛЬНАЯ ДЕСЯТИЧНАЯ КЛАССИФИКАЦИЯ (UDC/УДК)
Индекс 821.161.1.09
Издание 4
686 1# - ИНДЕКСЫ ДРУГИХ КЛАССИФИКАЦИЙ
Индекс Ш5(2=Р)53-4
700 #1 - ИМЯ ЛИЦА - ПЕРВИЧНАЯ ОТВЕТСТВЕННОСТЬ
Графика поля Кириллица
Материалы, к которым относится поле rus
Начальный элемент ввода Первушина
Часть имени, кроме начального элемента ввода Е. В.
Дополнения к именам, кроме дат писательница, врач
Даты 1972-
Расширение инициалов личного имени Елена Владимировна
Системный номер авторитетной/нормативной записи 43598
Идентификатор авторитетной/нормативной записи RU\NLR\AUTH\7760668
942 ## - ДОПОЛНИТЕЛЬНЫЕ ЭЛЕМЕНТЫ ЗАПИСИ (АБИС)
Тип экземпляра АБИС Книга
980 ## - КОЛЛЕКЦИЯ
Название коллекции Национальная библиография
Экземпляры
Тип экземпляра Дата поступления Источник поступления Библиотека постоянного хранения Библиотека текущего хранения Место хранения Шифр хранения Штрих-код Статус экземпляра
Книга 09.06.2022 Обязательный экземпляр РНБ (Московский) РНБ (Московский) Русский книжный фонд: издания с 1957 года 2022-3/15512 1-3840655  
Книга 09.06.2022 Обязательный экземпляр РНБ (Московский) РНБ (Московский) Русский книжный фонд: издания с 1957 года 2022-3/15512 1-3840656